000 00710nam a2200229 a 4500
999 _c11929
_d11929
001 11929
003 BD-JhCC
005 20220927134024.0
008 201201b2011 bg a|||| ||a| 000 0 ben d
020 _a9789848948286
035 _a(BD-JhCC)11929
040 _aBD-JhCC
_dBD-JhCC
041 _aben
082 _a813.54
_bHAS 2011
100 _aহাসান, রকিব
245 _aনরক যাত্রা /
_cরকিব হাসান ।
260 _aঢাকা:
_bকলি প্রকাশনী;
_c২০১১.
300 _a223 p. :
_bill;
_c22 cm.
651 _aBengali Detective
_vPolice
_xFlorida--Miami
_zDetective and mystery stories
942 _2ddc
_cBK
_01